00351nam a2200121 a 4500008004100000050001500041100001900056245002300075246006500098260003400163300002300197350000900220120416s1990 ||||||||||||||||| || u aHB 701 Bre aBrett, Michael10aProperty and money aa simple guide to commercial property investment and finance aLondonbEstates Gazettec1990 aviii, 264p. : ill. a0.00